书目信息 |
| 题名: |
尸子译注
|
|
| 作者: | 李守奎 , 李轶 译注 | |
| 分册: | ||
| 出版信息: | 哈尔滨 黑龙江人民出版社 2003 |
|
| 页数: | 172页 | |
| 开本: | 22cm | |
| 丛书名: | 二十二子详注全译 | |
| 单 册: | ||
| 中图分类: | B229.14 | |
| 科图分类: | ||
| 主题词: | 杂家 | |
| 电子资源: | ||
| ISBN: | 7-207-04394-5 | |
| 000 | 00958oam2 2200301 450 | |
| 001 | 05002241387 | |
| 005 | 20051229153836.03 | |
| 010 | @a7-207-04394-5@dCNY509.10(全套) | |
| 092 | @aCN | |
| 100 | @a20030128d2003 em y0chiy0110 ea | |
| 101 | 0 | @achi |
| 102 | @aCN@b230000 | |
| 105 | @ay z 000yy | |
| 200 | 1 | @a尸子译注@9shi zi yi zhu@f李守奎,李轶译注@Fli shou kui,li yi yi zhu |
| 210 | @a哈尔滨@c黑龙江人民出版社@d2003 | |
| 215 | @a172页@d22cm | |
| 225 | 2 | @a二十二子详注全译@f韩格平,董莲池主编 |
| 330 | @a尸子名佼,战国人。做过秦相商鞅的门客,商鞅被车裂而死后。尸佼害怕,逃出秦国进入蜀地,在那里著书立说,成二十篇,六万余言,内容丰富。本书是《尸子》的译注。 | |
| 461 | 0 | @12001 @a二十二子详注全译 |
| 605 | @a尸子@x译文 | |
| 605 | @a尸子 | |
| 606 | 0 | @a杂家 |
| 690 | @aB229.14@v4 | |
| 701 | 0 | @a李守奎@Ali shou kui@4译注 |
| 701 | 0 | @a李轶@Ali yi@4译注 |
| 801 | 0 | @aCN@bNLC@c20051229 |
| 905 | @a10447@dB229.14@e239 | |
| 999 | @aHSJ | |
| 尸子译注/李守奎,李轶译注.-哈尔滨:黑龙江人民出版社,2003 |
| 172页;22cm.-(二十二子详注全译/韩格平,董莲池主编) |
| ISBN 7-207-04394-5:CNY509.10(全套) |
| 尸子名佼,战国人。做过秦相商鞅的门客,商鞅被车裂而死后。尸佼害怕,逃出秦国进入蜀地,在那里著书立说,成二十篇,六万余言,内容丰富。本书是《尸子》的译注。 |
| ● |
| 相关链接 |
|
|
|
|
正题名:尸子译注
索取号:B229.14/239
 
预约/预借
| 序号 | 登录号 | 条形码 | 馆藏地/架位号 | 状态 | 备注 |
| 1 | 0369783 | 203697838 | 第一样本阅览室/ [索取号:B229.14/239] | 在馆 | |
| 2 | 0369784 | 203697847 | 教育系资料室/ [索取号:B229.14/239] | 在馆 | |
| 3 | 0373169 | 203731694 | 第一借阅区/ [索取号:B229.14/239] | 在馆 | |
| 4 | 0373170 | 203731701 | 第一借阅区/ [索取号:B229.14/239] | 在馆 | |
| 5 | 0373171 | 203731710 | 第一借阅区/ [索取号:B229.14/239] | 在馆 |